[Event "Duras IM Dopravni"]
[Site "Brno CZE"]
[Date "2008.07.06"]
[Round "11"]
[White "Vesely,Ja"]
[Black "Zavadil,M"]
[Result "0-1"]
[WhiteElo "2074"]
[BlackElo "2113"]

1.Nf3 d5 2.d4 e6 3.c4 c6 4.e3 Nf6 5.Nc3 Nbd7 6.Bd3 dxc4 7.Bxc4 b5 8.Bd3 Bb7
9.O-O a6 10.e4 c5 11.Bg5 cxd4 12.Nxd4 Ne5 13.Bxf6 gxf6 14.Rc1 Nxd3 15.Qxd3 e5
16.Ncxb5 axb5 17.Qxb5+ Qd7 18.Rc7 Qxb5 19.Nxb5 Ba6 20.a4 Bxb5 21.axb5 Bd6
22.Rc6 Ke7 23.b6 Rac8 24.Rc3 Rxc3 25.bxc3 Kd7 26.Ra1 Kc6 27.h4 Kxb6 28.h5 Rc8
29.f3 Rxc3 30.Ra8 Bc5+ 31.Kh2 h6 32.Kh3 f5 33.exf5 e4 34.Rh8 e3 35.Rxh6+ Kb5
36.Rh8 e2  0-1

[Event "36th TCh-GRE"]
[Site "Kallithea Halkidiki GRE"]
[Date "2008.07.06"]
[Round "1"]
[White "Pappas,S"]
[Black "Katzourakis,P"]
[Result "0-1"]
[WhiteElo "1914"]
[BlackElo "2092"]

1.d4 d5 2.Nf3 Nf6 3.c4 c6 4.Nc3 e6 5.e3 Nbd7 6.Bd3 dxc4 7.Bxc4 b5 8.Bd3 a6
9.e4 c5 10.d5 Qc7 11.dxe6 fxe6 12.O-O c4 13.Bc2 Bb7 14.a3 Bd6 15.Bg5 O-O
16.Qd2 Rad8 17.Rad1 Ne5 18.Nd4 Bc5 19.Nce2 Neg4 20.Qf4 e5 21.Ne6 Qb6 22.Qg3 Qxe6
23.h3 Rxd1 24.Bxd1 Nxe4 25.Qxg4 Qxg4 26.hxg4 Nxg5  0-1

[Event "36th TCh-GRE"]
[Site "Kallithea Halkidiki GRE"]
[Date "2008.07.06"]
[Round "1"]
[White "Iotov,V"]
[Black "Mihailidis,A"]
[Result "1-0"]
[WhiteElo "2519"]
[BlackElo "2265"]

1.d4 d5 2.Nf3 Nf6 3.c4 e6 4.Nc3 c6 5.e3 Nbd7 6.Bd3 dxc4 7.Bxc4 b5 8.Bd3 Bb7
9.e4 b4 10.Na4 c5 11.e5 Nd5 12.O-O Rc8 13.dxc5 Nxc5 14.Nxc5 Bxc5 15.Ng5 h6
16.Ne4 Be7 17.Bd2 O-O 18.Qg4 Kh8 19.Qh3 f5 20.exf6 Nxf6 21.Bxh6 gxh6 22.Qxh6+ Kg8
23.Qg6+  1-0

[Event "Volga Cup IM"]
[Site "Kostroma RUS"]
[Date "2008.07.06"]
[Round "5"]
[White "Derbenev,A"]
[Black "Shchur,V"]
[Result "1-0"]
[WhiteElo "2302"]
[BlackElo "2200"]

1.d4 d5 2.c4 c6 3.Nc3 Nf6 4.Nf3 e6 5.e3 Nbd7 6.Qc2 Bd6 7.e4 dxe4 8.Nxe4 Nxe4
9.Qxe4 Nf6 10.Qc2 c5 11.dxc5 Bxc5 12.Bd3 Bb4+ 13.Ke2 Be7 14.Bf4 Bd6 15.Bg5 h6
16.Bh4 Qc7 17.Qc3 e5 18.Bxf6 gxf6 19.Nh4 Bg4+ 20.f3 Be6 21.Rac1 b6 22.Nf5 Bc5
23.b4 Bxf5 24.Bxf5 Bd4 25.Qc2 a5 26.Be4 Rb8 27.b5 Ke7 28.Rhe1 h5 29.Kf1 Rbg8
30.Bc6 Qd6 31.Rcd1 Qc5 32.Re4 Kf8 33.Rh4 Rg5 34.Bd5 Qa3 35.Rd3 Qb2 36.Qxb2 Bxb2
37.c5 bxc5 38.Ra4 Rgg8 39.Rxa5 Kg7 40.Ra7 Rb8 41.Bxf7 Bd4 42.Bc4+ Kg6 43.a4 Ra8
44.Rxa8 Rxa8 45.Ra3 Bb2 46.Rb3 Bd4 47.b6  1-0

[Event "World Open"]
[Site "Philadelphia USA"]
[Date "2008.07.06"]
[Round "8"]
[White "Perelshteyn,E"]
[Black "Cheng,Bi"]
[Result "1-0"]
[WhiteElo "2555"]
[BlackElo "2333"]

1.d4 d5 2.c4 c6 3.Nc3 Nf6 4.e3 e6 5.Nf3 Nbd7 6.Qc2 Bd6 7.g4 dxc4 8.Bxc4 e5
9.g5 Nd5 10.Bd2 O-O 11.Ne4 Bc7 12.O-O-O Re8 13.Rhg1 exd4 14.exd4 N7b6 15.Bd3 Nf4
16.Bxf4 Bxf4+ 17.Kb1 Nd5 18.a3 g6 19.h4 Bf5 20.h5 Re6 21.Nc5 Bxd3 22.Nxd3 b5
23.hxg6 fxg6 24.Rge1 Qd6 25.Nc5 Rxe1 26.Rxe1 Rc8 27.Re6 Qf8 28.Nh4 Re8 29.Nxg6 Qf7
30.Nxf4 Nxf4 31.Rxe8+ Qxe8 32.Ne4 Nd5 33.f3 Kg7 34.Qh2 Qe6 35.Qb8 Qf7 36.Qe5+ Kg6
37.Qd6+ Kf5 38.Ng3+ Kxg5 39.Ne4+ Kh5 40.Qe5+  1-0

[Event "World Open"]
[Site "Philadelphia USA"]
[Date "2008.07.06"]
[Round "8"]
[White "Ramirez,Alej"]
[Black "Kleiman,J"]
[Result "1-0"]
[WhiteElo "2531"]
[BlackElo "2353"]

1.d4 d5 2.c4 c6 3.Nf3 Nf6 4.Nc3 e6 5.e3 Nbd7 6.Qc2 Bd6 7.Bd3 O-O 8.O-O dxc4
9.Bxc4 a6 10.Rd1 Qc7 11.e4 e5 12.g3 b5 13.Be2 c5 14.dxe5 Nxe5 15.Bg5 Bg4
16.Nxe5 Bxe5 17.Bxg4 Nxg4 18.Nd5 Qa7 19.Be7 Bd4 20.Bxf8 Rxf8 21.Qe2 Ne5 22.Kg2 Qb7
23.Rac1 Nc4 24.b3 Nb6 25.Qh5 g6 26.Qf3 Qb8 27.Ne7+ Kg7 28.Nc6 Qd6 29.e5 Qd7
30.Nxd4 cxd4 31.Qf6+  1-0

[Event "ch-NOR Elite"]
[Site "Tonsberg NOR"]
[Date "2008.07.06"]
[Round "2"]
[White "Lie,K"]
[Black "Hole,O"]
[Result "1-0"]
[WhiteElo "2558"]
[BlackElo "2387"]

1.d4 d5 2.c4 c6 3.Nf3 Nf6 4.Nc3 e6 5.e3 Nbd7 6.Qc2 Bd6 7.Bd3 O-O 8.O-O Qc7
9.Rd1 b6 10.Bd2 Bb7 11.cxd5 exd5 12.Rac1 c5 13.Nb5 Qb8 14.dxc5 bxc5 15.Ba5 Ba6
16.Nxd6 Bxd3 17.Qxd3 Qxd6 18.h3 Rfe8 19.Bc3 Rac8 20.b3 h6 21.Bb2 Qb6 22.Rc2 Qb4
23.Rdc1 Rc6 24.Nd4 cxd4 25.Rxc6 Ne5 26.Qf5 Nxc6 27.Rxc6 dxe3 28.fxe3 Qe1+
29.Kh2 Qxe3 30.Bxf6 gxf6 31.Rxf6 Qe5+ 32.Qxe5 Rxe5 33.Rxh6 d4 34.Rd6 Re2
35.a4 Rb2 36.Rxd4 Rxb3 37.Rd7 a5 38.Ra7 Ra3 39.Rxa5 Kg7 40.Rg5+ Kh6 41.Ra5 Kg6
42.g4 Kh6 43.Rf5 Kg6 44.Rf4 Ra2+ 45.Kg1 Ra1+ 46.Kf2 Ra2+ 47.Ke3 Ra3+ 48.Kd2 Rxh3
49.Kc2 Kg5 50.Rxf7 Ra3 51.Ra7 Kxg4 52.Kb2 Re3 53.Rf7 Re5 54.Kb3 Kg5 55.Kb4 Re4+
56.Kb5 Re5+ 57.Kb6 Re6+ 58.Kb7 Re5 59.Rf1 Re7+ 60.Kc6 Re6+ 61.Kc5 Re5+ 62.Kd6 Ra5
63.Ra1 Kf6 64.Kc6 Ke7 65.Kb6 Ra8 66.a5 Kd7 67.Kb7  1-0

[Event "FSGM July"]
[Site "Budapest HUN"]
[Date "2008.07.07"]
[Round "3"]
[White "Rajlich,I"]
[Black "Varga,Zo"]
[Result "0-1"]
[WhiteElo "2417"]
[BlackElo "2479"]

1.d4 d5 2.c4 c6 3.e3 Nf6 4.Nc3 e6 5.Nf3 a6 6.c5 b6 7.cxb6 Nbd7 8.Bd2 Nxb6
9.Rc1 c5 10.Ne5 Bd6 11.dxc5 Bxe5 12.cxb6 Qxb6 13.Na4 Qb8 14.Bd3 O-O 15.b4 Bd7
16.Nc5 Qb6 17.Qb3 Rfc8 18.g3 Bd6 19.O-O Be8  0-1

[Event "FSGM July"]
[Site "Budapest HUN"]
[Date "2008.07.07"]
[Round "3"]
[White "Kjartansson,G"]
[Black "Nguyen Huynh Minh Huy"]
[Result "0-1"]
[WhiteElo "2328"]
[BlackElo "2477"]

1.d4 d5 2.c4 c6 3.Nc3 Nf6 4.e3 e6 5.Nf3 a6 6.b3 Bb4 7.Bd2 Nbd7 8.Bd3 O-O
9.O-O Bd6 10.Rc1 h6 11.h3 b6 12.cxd5 cxd5 13.e4 dxe4 14.Nxe4 Ba3 15.Rc2 Bb7
16.Qe2 Nxe4 17.Bxe4 Bxe4 18.Qxe4 Nf6 19.Qe2 Rc8 20.Bc1 Bd6 21.Be3 Rxc2 22.Qxc2 Qa8
23.Qd3 Rc8 24.a4 Qb7 25.Rc1 Rxc1+ 26.Bxc1 b5 27.Qc2 Nd5 28.Bd2 Ne7 29.Ne1 Qd5
30.Bc3 Nc6 31.axb5 axb5 32.Nd3 Nxd4 33.Bxd4 Qxd4 34.Nb2 Bc5 35.Nd3 Bd6 36.Nb2 g6
37.Nd1 Bc5 38.Ne3 Qa1+ 39.Nf1 Qe5 40.Qd2 Kg7 41.Ne3 h5 42.Qd3 b4 43.Kf1 Bxe3
44.fxe3 Kf6 45.Ke2 Qd5 46.e4 Qxd3+ 47.Kxd3 Ke5 48.Kc4 Kxe4 49.Kxb4 Kd4  0-1

[Event "36th TCh-GRE"]
[Site "Kallithea Halkidiki GRE"]
[Date "2008.07.07"]
[Round "2"]
[White "Atalik,S"]
[Black "Ivanisevic,I"]
[Result "1/2-1/2"]
[WhiteElo "2585"]
[BlackElo "2664"]

1.d4 Nf6 2.c4 e6 3.Nf3 d5 4.Nc3 c6 5.e3 Nbd7 6.Bd3 dxc4 7.Bxc4 b5 8.Bd3 a6
9.e4 c5 10.e5 Ng4 11.Be4 Ra7 12.Be3 Nxe3 13.fxe3 g6 14.O-O Bh6 15.Qe2 O-O
16.Kh1 Rc7 17.Rad1 c4 18.a3 Nb6 19.g4 f5 20.exf6  1/2-1/2

[Event "36th TCh-GRE"]
[Site "Kallithea Halkidiki GRE"]
[Date "2008.07.07"]
[Round "3"]
[White "Zubarev,Al1"]
[Black "Hadzimanolis,A"]
[Result "1-0"]
[WhiteElo "2517"]
[BlackElo "2306"]

1.Nf3 Nf6 2.d4 d5 3.c4 c6 4.Nc3 e6 5.e3 a6 6.b3 Bb4 7.Bd2 O-O 8.Bd3 Nbd7
9.O-O Qe7 10.Ne5 Nxe5 11.dxe5 Nd7 12.f4 f5 13.cxd5 exd5 14.Qc2 g6 15.Rfd1 a5
16.Ne2 Nc5 17.Nd4 Nxd3 18.Qxd3 Bd7 19.Nc2 Be6 20.a3 Bxd2 21.Qxd2 c5 22.b4 axb4
23.axb4 b6 24.Ne1 Rfd8 25.Rxa8 Rxa8 26.bxc5 bxc5 27.Rc1 Ra3 28.Nf3 h6 29.Qb2 Ra8
30.Qb6 Rc8 31.h4 Kg7 32.Kf2 Bf7 33.Kg3 Kh7 34.Nd4 Be8 35.Ra1 cxd4 36.Ra7 Bd7
37.e6 Qf6 38.Qd6 g5 39.Qxd7+  1-0

[Event "2nd NJ Futurity Int"]
[Site "New Jersey USA"]
[Date "2008.07.07"]
[Round "1"]
[White "Scekic,M"]
[Black "Erenburg,S"]
[Result "0-1"]
[WhiteElo "2371"]
[BlackElo "2563"]

1.d4 d5 2.Nf3 Nf6 3.c4 e6 4.Nc3 c6 5.e3 a6 6.b3 Bb4 7.Bd2 Nbd7 8.Bd3 O-O
9.O-O Bd6 10.Rc1 h6 11.h3 Re8 12.Re1 dxc4 13.bxc4 e5 14.Qc2 Qe7 15.c5 Bc7
16.e4 exd4 17.Na4 Ne5 18.Nxe5 Qxe5 19.f4 Qe7 20.Qd1 Bd7 21.Rb1 Rab8 22.Qf3 Red8
23.Rb2 Bc8 24.Reb1 Re8 25.e5 Nd5 26.Qe4 g6 27.Qxd4 Rd8 28.Qc4 Be6 29.Qc2 Qh4
30.Rf1 Bxh3 31.Be4 Bg4 32.Rb3 Ne7 33.Nb2 Nf5 34.Be1 Qh5 35.Bf2 Nd4 36.Bxd4 Rxd4
37.Re3 Be6 38.f5 gxf5 39.Bxf5 Rh4 40.Bxe6 fxe6 41.Rf6 Bxe5 42.Rg6+ Kh8 43.Rf3 Bd4+
44.Kf1 Rh1+ 45.Ke2 Qe5+ 46.Kd2 Bxb2 47.Qd1  0-1

[Event "ch-BEL"]
[Site "Eupen BEL"]
[Date "2008.07.08"]
[Round "4"]
[White "Van Mechelen,J"]
[Black "Van der Stricht,G"]
[Result "0-1"]
[WhiteElo "2269"]
[BlackElo "2426"]

1.d4 Nf6 2.Nf3 d5 3.c4 e6 4.Nc3 c6 5.e3 Nbd7 6.Bd3 dxc4 7.Bxc4 b5 8.Bd3 Bd6
9.O-O O-O 10.e4 e5 11.dxe5 Nxe5 12.Nxe5 Bxe5 13.Bg5 Re8 14.Kh1 Qa5 15.Bxf6 Bxf6
16.Qc2 Ba6 17.f4 b4 18.Nd1 Bxd3 19.Qxd3 Rad8 20.Qf3 Bd4 21.a3 Qa6 22.Re1 c5
23.Re2 Qc4 24.axb4 cxb4 25.b3 Bxa1  0-1

[Event "7th Open"]
[Site "La Fere FRA"]
[Date "2008.07.08"]
[Round "5"]
[White "Pytel,B"]
[Black "Pavillon,G"]
[Result "1-0"]
[WhiteElo "1966"]
[BlackElo "1797"]

1.Nf3 d5 2.d4 Nf6 3.c4 c6 4.e3 e6 5.Nc3 Be7 6.Bd3 dxc4 7.Bxc4 b5 8.Bd3 a6
9.O-O Nbd7 10.b3 Bb7 11.Bb2 c5 12.Ne2 cxd4 13.Nexd4 e5 14.Nf5 e4 15.Ng5 exd3
16.Nxg7+ Kf8 17.N7e6+  1-0

[Event "Superfinal Chelyabinsk Oblast"]
[Site "Satka RUS"]
[Date "2008.07.08"]
[Round "3"]
[White "Timoscenko,G"]
[Black "Looshnikov,N"]
[Result "1-0"]
[WhiteElo "2467"]
[BlackElo "2462"]

1.d4 d5 2.c4 c6 3.Nf3 Nf6 4.Nc3 e6 5.e3 Nbd7 6.Bd3 Bd6 7.e4 dxe4 8.Nxe4 Nxe4
9.Bxe4 Nf6 10.Bc2 Qa5+ 11.Bd2 Bb4 12.O-O Bxd2 13.Nxd2 O-O 14.Qe2 Qb6 15.Nf3 c5
16.dxc5 Qxc5 17.Ne5 b6 18.Rad1 Ba6 19.Rd2 Rac8 20.Bd3 Rfd8 21.Rfd1 Kf8 22.b3 Rd4
23.Bxh7 Rxd2 24.Rxd2 g6 25.Rd7 Nxh7 26.Rxf7+ Kg8 27.Rxa7 Rd8 28.Ng4 Qd6 29.Nh6+ Kf8
30.Qf3+  1-0

[Event "Maestro Open"]
[Site "Berdsk RUS"]
[Date "2008.07.09"]
[Round "2"]
[White "Glukhov,M"]
[Black "Piskunov,A"]
[Result "1-0"]
[WhiteElo "2237"]
[BlackElo "2034"]

1.d4 d5 2.c4 c6 3.Nc3 Nf6 4.e3 e6 5.Nf3 Nbd7 6.Qc2 Be7 7.a3 O-O 8.Be2 a6
9.O-O dxc4 10.Bxc4 b5 11.Ba2 c5 12.dxc5 Nxc5 13.b4 Ncd7 14.Nd4 Bb7 15.Bb2 Rc8
16.Qe2 Qb6 17.f4 Qa7 18.f5 e5 19.Nf3 Ng4 20.Rae1 Bd8 21.Kh1 Bb6 22.Nd1 e4
23.Ng5 Ngf6 24.Nf2 h6 25.Ne6 Rfe8 26.Nxg7 Kxg7 27.Qh5 Re7 28.Ng4 Rh8 29.Qh4 Bd8
30.Bxf6+ Nxf6 31.Qxf6+ Kg8 32.Nxh6+ Kh7 33.Nxf7  1-0

[Event "36th TCh-GRE"]
[Site "Kallithea Halkidiki GRE"]
[Date "2008.07.09"]
[Round "6"]
[White "Skembris,S"]
[Black "Katzourakis,P"]
[Result "1-0"]
[WhiteElo "2415"]
[BlackElo "2092"]

1.d4 d5 2.c4 c6 3.Nf3 Nf6 4.Nc3 e6 5.e3 Nbd7 6.Qc2 Bd6 7.b3 O-O 8.Be2 b6
9.cxd5 exd5 10.O-O Bb7 11.Rd1 Re8 12.Bb2 Ne4 13.Nxe4 dxe4 14.Ne5 Qc7 15.Bg4 Nf6
16.Bh3 Nd5 17.g3 Rad8 18.a3 f6 19.Nc4 Bc8 20.Bg2 f5 21.Rac1 Bb7 22.b4 Re6
23.Qb3 Qf7 24.Ne5 Bxe5 25.dxe5 h5 26.Rd2 b5 27.f3 exf3 28.Bxf3 h4 29.e4 fxe4
30.Bxe4 Rf8 31.Bd4 Qh5 32.Rf1 Ree8 33.Rdf2 Qg4 34.Qd3 Rxf2 35.Rxf2 hxg3 36.hxg3 Qg5
37.Bg6 c5 38.Bf7+  1-0

[Event "7th Open"]
[Site "La Fere FRA"]
[Date "2008.07.09"]
[Round "6"]
[White "Bensdorp,M"]
[Black "Christophe,L"]
[Result "1-0"]
[WhiteElo "2284"]
[BlackElo "1760"]

1.d4 d5 2.c4 e6 3.Nc3 c6 4.e3 Nf6 5.Nf3 Be7 6.Qc2 Nbd7 7.b3 O-O 8.Bb2 b6
9.Bd3 Bb7 10.O-O c5 11.cxd5 exd5 12.Rac1 h6 13.Rfd1 Rc8 14.Bf5 Qc7 15.Qb1 Rcd8
16.dxc5 bxc5 17.Na4 Rde8 18.Qa1 Bc6 19.Bxd7 Bxd7 20.Nxc5 Bc6 21.b4 Qb6 22.Nd4 Ba8
23.Nf5 Bxc5 24.bxc5 Qc6 25.f3 Qe6 26.Bxf6 Qxf6 27.Qxf6 gxf6 28.Nxh6+  1-0

[Event "7th Open"]
[Site "La Fere FRA"]
[Date "2008.07.09"]
[Round "6"]
[White "Nijs,N"]
[Black "Gaponenko,I"]
[Result "1/2-1/2"]
[WhiteElo "2150"]
[BlackElo "2468"]

1.d4 d5 2.c4 e6 3.Nc3 c6 4.e3 Nf6 5.Nf3 Nbd7 6.Bd3 dxc4 7.Bxc4 b5 8.Bd3 b4
9.Ne4 Nxe4 10.Bxe4 Bb7 11.O-O Bd6 12.a3 bxa3 13.b3 Nf6 14.Bd3 c5 15.Bxa3 cxd4
16.Bb5+ Ke7 17.Nxd4 Bxa3 18.Bc6 Bc5 19.Bxb7 Bxd4 20.Qxd4 Qxd4 21.exd4 Rab8
22.Rxa7 Rhd8 23.Ba6+ Kf8 24.Rc1 Ne8 25.Bc4 Rxd4 26.Kf1 Nf6 27.Ke2 Rbd8 28.Rc2 Re4+
29.Kf3 g5 30.g3 g4+ 31.Kg2 Rd7 32.Rxd7 Nxd7 33.f3 gxf3+ 34.Kxf3 Re1 35.Rb2 Ne5+
36.Kf2 Rh1 37.Kg2 Nxc4 38.bxc4 Rc1 39.Rb8+ Ke7 40.Rc8 Rc2+ 41.Kh3 Kf6 42.c5 h5
43.c6 e5 44.Rh8 Kg5 45.Rg8+ Kf5 46.Rh8 Rxc6 47.Rxh5+ Ke4 48.g4 f6 49.Rf5 Kd4
50.Kg2 e4 51.h4 e3 52.Kf3 Rc1 53.Ke2 Rc2+ 54.Ke1 Kd3 55.Rd5+ Ke4 56.Rf5 Rg2
57.Rxf6 Rxg4  1/2-1/2

[Event "IV Open"]
[Site "Alajuela CRC"]
[Date "2008.07.10"]
[Round "2"]
[White "Bermudez,A"]
[Black "Perez Rodriguez,L"]
[Result "0-1"]
[WhiteElo "2045"]
[BlackElo "2495"]

1.d4 d5 2.c4 c6 3.Nf3 Nf6 4.Nc3 e6 5.e3 Nbd7 6.Qc2 Bd6 7.g4 dxc4 8.Bxc4 e5
9.dxe5 Nxe5 10.Nxe5 Bxe5 11.h3 Bxc3+ 12.bxc3 O-O 13.Ba3 Re8 14.Bd3 Qa5 15.Bb4 Qe5
16.O-O-O c5 17.Ba3 c4 18.Bxc4 Be6 19.Bxe6 Qxe6 20.Rd6 Qe5 21.Rhd1 Ne4 22.R6d3 Rac8
23.Bb2 b5 24.Kb1 Qh2 25.Rd7 Qxh3 26.Qb3 Qf3 27.Rxa7 Nxc3+ 28.Bxc3 Rxc3 29.Qxc3 Qxd1+
30.Kb2 Qe2+ 31.Kb3 Qxg4 32.Qc6 Rc8 33.Qd5 Qg6 34.Rc7 Qb1+ 35.Ka3 Rf8 36.f4 Qe1
37.Qc5 Ra8+ 38.Kb2 Qd2+ 39.Qc2 Qd8 40.Qe4 h6 41.Rc2 Qa5 42.Qd5 Qa3+ 43.Ka1 Qa5
44.e4 Rd8 45.Qc6 b4 46.Rc1 b3 47.a4 Qd2  0-1

[Event "IV Open"]
[Site "Alajuela CRC"]
[Date "2008.07.10"]
[Round "2"]
[White "Sagalchik,G"]
[Black "Alvarado,V"]
[Result "1-0"]
[WhiteElo "2424"]
[BlackElo "1963"]

1.d4 d5 2.c4 e6 3.Nc3 c6 4.e3 Nf6 5.Nf3 Nbd7 6.Bd3 dxc4 7.Bxc4 b5 8.Bd3 a6
9.a4 Bb7 10.O-O b4 11.Ne4 a5 12.Nxf6+ Nxf6 13.e4 Be7 14.Qe2 Qc8 15.Bg5 h6
16.Bh4 O-O 17.Rac1 Qd8 18.Rfd1 Re8 19.e5 Nh7 20.Bxe7 Rxe7 21.Rc5 Qb6 22.Nd2 Ra7
23.Nc4 Qd8 24.Nd6 Ba8 25.Be4 Rec7 26.Rdc1 Nf8 27.Qf3 Ra6 28.Re1 Qe7 29.Bb1 Nd7
30.Qd3  1-0

[Event "2nd NJ Futurity Int"]
[Site "New Jersey USA"]
[Date "2008.07.10"]
[Round "6"]
[White "Ippolito,D"]
[Black "Erenburg,S"]
[Result "0-1"]
[WhiteElo "2445"]
[BlackElo "2563"]

1.d4 d5 2.c4 c6 3.Nf3 Nf6 4.Nc3 e6 5.e3 a6 6.b3 Bb4 7.Bd2 Nbd7 8.Bd3 O-O
9.O-O Bd6 10.c5 Bc7 11.e4 e5 12.exd5 cxd5 13.dxe5 Nxe5 14.Bg5 Be6 15.Be2 Nc6
16.Rc1 Re8 17.Nd4 h6 18.Be3 Ne5 19.h3 Ng6 20.Qd2 Bxh3 21.gxh3 Qd7 22.f3 Qxh3
23.Rf2 Rxe3 24.Bf1 Qh4 25.Qxe3 Bf4 26.Qd3 Ne5 27.Qe2 Bxc1 28.Qxe5 Bf4 29.Qe2 Re8
30.Qc2 Qg3+ 31.Kh1 Be3 32.Nd1 Bxd4  0-1

[Event "XVII Burgas Open"]
[Site "Ourense ESP"]
[Date "2008.07.10"]
[Round "8"]
[White "Spassov,L"]
[Black "Perez Candelario,Man"]
[Result "1/2-1/2"]
[WhiteElo "2428"]
[BlackElo "2537"]

1.d4 d5 2.c4 e6 3.Nc3 c6 4.e3 Nf6 5.Nf3 Nbd7 6.Qc2 Bd6 7.b3 O-O 8.Be2 b6
9.O-O Bb7 10.Bb2 Qe7 11.a4 a5 12.Bd3 e5 13.cxd5 cxd5 14.Bf5 e4 15.Nd2 Ba6
16.Nb5 Rfc8 17.Qd1 Bb4 18.Rc1 g6 19.Bh3 Ne8 20.Qe2 Nd6 21.Nb1 f5 22.g3 Nf8
23.Rxc8 Rxc8 24.Rc1 Rxc1+ 25.Bxc1 Ne6 26.Bf1 Qd7 27.N1a3 Nc7 28.Qc2 Ncxb5
29.Nxb5 Nxb5 30.Bxb5 Bxb5 31.axb5 Kf7 32.Qe2 h5 33.h4 Kg7 34.Kg2 Kh6 35.Bb2 g5
36.hxg5+ Kxg5 37.Qf1 Kg6 38.Qc1 Qxb5 39.Qc8 Qe2 40.Qe8+ Kg7  1/2-1/2

[Event "7th Open"]
[Site "La Fere FRA"]
[Date "2008.07.11"]
[Round "8"]
[White "Sumets,A"]
[Black "Gaponenko,I"]
[Result "1/2-1/2"]
[WhiteElo "2534"]
[BlackElo "2468"]

1.c4 e6 2.Nc3 d5 3.d4 c6 4.e3 Nf6 5.Nf3 Nbd7 6.Qc2 b6 7.cxd5 exd5 8.Bd3 Bb7
9.O-O Be7 10.Bd2 O-O 11.Ne5 c5 12.f4 a6 13.Be1 g6 14.Bh4 b5 15.f5 cxd4 16.exd4 Nxe5
17.dxe5 Ng4 18.Bxe7 Qxe7 19.Rae1 Nxe5 20.Kh1 Qd6 21.Qd1 Rfe8 22.Bc2 Nc4 23.Qd4 Qb6
24.fxg6 fxg6 25.Qf4 Qd6 26.Qg5 Rf8 27.h4 Rxf1+ 28.Rxf1 Qe5 29.Qxe5 Nxe5 30.Bb3 Nc4
31.Rd1 Nxb2 32.Rxd5 Kh8 33.Rd7 Rb8 34.Bd5 b4 35.Bxb7 bxc3 36.Rc7 c2 37.Bxa6 Nc4
38.Rxc4 Rb1+ 39.Kh2 c1=Q 40.Rxc1 Rxc1 41.Bb7 Kg7 42.g3 Rc2+ 43.Kg1 Rxa2 44.Bf3 Kf6
45.Kf1 Ke5 46.Kg1 Kd4 47.Bc6 Rd2 48.Bb7 Ke3 49.Bc6 h6 50.Bb7 g5  1/2-1/2

[Event "Inautomarket Open"]
[Site "Minsk BLR"]
[Date "2008.07.11"]
[Round "2"]
[White "Kashtanov,R"]
[Black "Popov,Iv RUS"]
[Result "1/2-1/2"]
[WhiteElo "2350"]
[BlackElo "2549"]

1.c4 e6 2.d4 d5 3.Nc3 c6 4.e3 Nf6 5.Nf3 Nbd7 6.Bd3 dxc4 7.Bxc4 b5 8.Be2 Bb7
9.O-O a6 10.e4 c5 11.e5 Nd5 12.a4 b4 13.Ne4 h6 14.Nfd2 Nf4 15.Bf3 Bd5 16.Nb3 Ng6
17.Nexc5 Bxf3 18.Qxf3 Bxc5 19.Nxc5 Nxc5 20.dxc5 Qd5 21.Qxd5 exd5 22.Rd1 O-O-O
23.f4 d4 24.a5 Ne7 25.Ra4 Nc6 26.Bd2 d3 27.Be3  1/2-1/2

[Event "XVII Burgas Open"]
[Site "Ourense ESP"]
[Date "2008.07.11"]
[Round "9"]
[White "Pena Lodeiro,J"]
[Black "Solange Videira,G"]
[Result "0-1"]
[WhiteElo "1809"]
[BlackElo "1461"]

1.d4 d5 2.c4 e6 3.Nc3 Nf6 4.Nf3 c6 5.e3 Nbd7 6.Bd3 dxc4 7.Bxc4 b5 8.Bd3 a6
9.O-O c5 10.dxc5 Bxc5 11.Ne4 Bb7 12.Neg5 h6 13.Nh3 Ne4 14.Qe2 Qf6 15.Nd2 Ng5
16.Nxg5 hxg5 17.Rd1 Qh6 18.Nf1 Bd6 19.g3 Qh3 20.e4 g4 21.b3 Ne5 22.Bxb5+ Kf8
23.f4 Bc5+ 24.Be3 Bxe3+ 25.Qxe3 Nf3+ 26.Kf2 Nxh2 27.Nd2 axb5 28.Rh1 Qh6 29.Qc5+ Kg8
30.Qxb5 Rd8 31.Qe2 Qf6 32.Rad1 Qd4+ 33.Kg2 Qd3 34.Qxd3 Rxd3 35.Rxh2 Bxe4+
36.Nxe4 Rxh2+ 37.Kxh2 Rxd1 38.Nc5 Rd2+  0-1

[Event "19th Czech Infinity Open"]
[Site "Pardubice CZE"]
[Date "2008.07.11"]
[Round "1"]
[White "Gergel,V"]
[Black "Bukacek,L2"]
[Result "1-0"]
[WhiteElo "2311"]
[BlackElo "1820"]

1.d4 Nf6 2.c4 e6 3.Nc3 d5 4.Nf3 c6 5.e3 Bb4 6.Qb3 Be7 7.Bd2 O-O 8.Bd3 Nbd7
9.O-O Bd6 10.e4 dxe4 11.Nxe4 Nxe4 12.Bxe4 Nf6 13.Bc2 Qc7 14.Bg5 Be7 15.Qd3 g6
16.Rfe1 Re8 17.Ne5 Nh5 18.Bxe7 Qxe7 19.Re3 Bd7 20.Rf3 Rf8 21.Qe3 Rad8 22.g4 Ng7
23.Qh6 Ne8 24.Rh3 f5 25.Nxg6 hxg6 26.Qh8+ Kf7 27.Rh7+  1-0

[Event "XXVIII Open"]
[Site "Benasque ESP"]
[Date "2008.07.12"]
[Round "10"]
[White "Delchev,A"]
[Black "Abergel,T"]
[Result "1-0"]
[WhiteElo "2618"]
[BlackElo "2499"]

1.d4 d5 2.c4 c6 3.Nc3 e6 4.e3 Nf6 5.Nf3 Nbd7 6.Bd3 dxc4 7.Bxc4 b5 8.Bd3 Bd6
9.O-O a6 10.a3 O-O 11.Qc2 Qc7 12.b4 Bb7 13.Bb2 Rfe8 14.Rac1 Rac8 15.Rfd1 h6
16.h3 Qb8 17.Qb1 Qa8 18.Nd2 Bc7 19.Nce4 e5 20.dxe5 Nxe4 21.Bxe4 Bxe5 22.Bxe5 Rxe5
23.Nf3 Re7 24.Bh7+ Kh8 25.Bf5 Rc7 26.Bxd7 Rcxd7 27.Rxd7 Rxd7 28.Qf5 Qe8 29.Nd4 Kg8
30.Qg4 Rd6 31.Rc5 Qd8 32.Qf4 Qd7 33.Kh2 Bc8 34.Qe4 Rg6 35.f4 Kh8 36.Re5 Kh7
37.Re7 Qd8 38.f5 Rf6 39.Re8 Qc7+ 40.Qe5 Qd7 41.g4 a5 42.Qe7 axb4 43.axb4 Qxe7
44.Rxe7 g6 45.Rc7 Ba6 46.Kg3 g5 47.h4 c5 48.Rxc5 Rb6 49.Rc7 Kg8 50.Rc6 Rxc6
51.Nxc6 Kg7 52.hxg5 hxg5 53.Nd4 Kf6 54.Kf2 Ke7 55.e4 Kd6 56.Ke3 f6 57.Nf3 Bc8
58.Kd4 Bb7 59.Nd2 Bc8 60.Nb1 Bb7 61.Nc3  1-0

[Event "FSGM July"]
[Site "Budapest HUN"]
[Date "2008.07.12"]
[Round "8"]
[White "Prohaszka,P2"]
[Black "Nguyen Huynh Minh Huy"]
[Result "1-0"]
[WhiteElo "2509"]
[BlackElo "2477"]

1.d4 d5 2.c4 c6 3.Nc3 Nf6 4.e3 e6 5.Nf3 a6 6.c5 Nbd7 7.b4 g6 8.Bd3 Bg7 9.O-O O-O
10.Bb2 Qc7 11.Na4 Ne4 12.Ne5 f6 13.Nxd7 Bxd7 14.Nb6 Rad8 15.f3 Ng5 16.f4 Nf7
17.e4 dxe4 18.Bxe4 Nh6 19.Qb3 Be8 20.Bd3 Bf7 21.Bc4 Nf5 22.Rad1 Kh8 23.g3 g5
24.Bxe6 gxf4 25.Rxf4 Bxe6 26.Qxe6 Ne7 27.d5 cxd5 28.Bxf6 Ng6 29.Bxd8 Nxf4
30.Bxc7 Nxe6 31.Nxd5 Bd4+ 32.Rxd4 Nxd4 33.Be5+ Kg8 34.Bxd4 Rd8 35.Ne7+ Kf7
36.Nf5 Rd5 37.g4  1-0

[Event "Kings Gambit A"]
[Site "Lipetsk RUS"]
[Date "2008.07.12"]
[Round "4"]
[White "Romanko,M"]
[Black "Slugin,S"]
[Result "0-1"]
[WhiteElo "2374"]
[BlackElo "2425"]

1.d4 d5 2.c4 c6 3.Nf3 Nf6 4.Nc3 e6 5.e3 Nbd7 6.Qc2 Bd6 7.g4 h6 8.Bd2 dxc4
9.Bxc4 b5 10.Be2 Bb7 11.e4 Be7 12.g5 hxg5 13.Nxg5 c5 14.dxc5 Nxc5 15.Bxb5+ Kf8
16.Rg1 Qc7 17.f3 Rxh2 18.O-O-O Rd8 19.e5 Qxe5 20.Nxf7 Rdxd2 21.Rxd2 Qe3 22.Nd1 Qxd2+
23.Qxd2 Rxd2 24.Kxd2 Kxf7 25.Be2 Nd5 26.Nc3 Bf6 27.Nxd5 Bxd5 28.b3 Bd4 29.Rh1 g5
30.Rh3 Nd7 31.Rh7+ Bg7 32.Ke3 Nf6 33.Rh2 Bb7 34.Kf2 Nd5 35.Bc4 Bd4+ 36.Ke1 Kg7
37.Bd3 Kf6 38.Rh7 Bc6 39.Be4 Ke5 40.Rf7 Bb5 41.a4 Ba6 42.Kd2 Be3+ 43.Kc2 Bc5
44.Kd2 Be3+ 45.Kc2 Bf2 46.Kd2 Bf1 47.Rg7 Be3+ 48.Kc2 Nf6 49.Bb7 Be2 50.Rf7 Nd5
51.a5 Bc5 52.Kd2 Bb5 53.Kd1 Be3 54.Bc8 Bc6 55.Ke2 Bc5 56.Bb7 Bb5+ 57.Kd1 Kd6
58.Rg7 Be3 59.Bc8 Bd3 60.Rg8 Ke5 61.Re8 Bf5 62.Ke2 Bc5 63.Bb7 Nc3+ 64.Kf1 Bd3+
65.Kg2 Nd5 66.Kg3 Bf5 67.Rg8 Be3 68.Rf8 Bc2 69.Bxd5 exd5 70.Re8+ Kd4 71.b4 Bd3
72.Re7 a6 73.Rb7 Kc3 74.Kg2 Bc4 75.Rb6 Bb5  0-1

[Event "Kings Gambit A"]
[Site "Lipetsk RUS"]
[Date "2008.07.12"]
[Round "4"]
[White "Gavrilov,Al1"]
[Black "Papin,V"]
[Result "1-0"]
[WhiteElo "2447"]
[BlackElo "2479"]

1.d4 Nf6 2.c4 e6 3.Nf3 d5 4.Nc3 c6 5.e3 Nbd7 6.Bd3 dxc4 7.Bxc4 b5 8.Bd3 b4
9.Ne4 Nxe4 10.Bxe4 Bb7 11.O-O Bd6 12.b3 Nf6 13.Bd3 c5 14.dxc5 Bxc5 15.Bb2 Qa5
16.Ne5 Ke7 17.Qe2 Rhd8 18.Rac1 Kf8 19.Rfd1 Rac8 20.Bb1 Rxd1+ 21.Rxd1 Rd8
22.h3 Be7 23.Rxd8+ Qxd8 24.Bd4 Qd5 25.f3 Bc5 26.Be4 Qd6 27.Bxb7 Bxd4 28.exd4 Qb6
29.Bc6 Qxd4+ 30.Kh2 h5 31.Nc4 Qc5 32.Be4 h4 33.Qd2 Ke7 34.Qf4 Nh5 35.Qe5 Qf2
36.Qd6+  1-0

[Event "19th Czech Oce Open"]
[Site "Pardubice CZE"]
[Date "2008.07.12"]
[Round "5"]
[White "Potapov,Alexa1"]
[Black "Cernousek,L"]
[Result "0-1"]
[WhiteElo "2451"]
[BlackElo "2436"]

1.d4 d5 2.c4 c6 3.Nc3 Nf6 4.e3 e6 5.Nf3 Nbd7 6.Bd3 dxc4 7.Bxc4 b5 8.Be2 Bb7
9.e4 b4 10.e5 bxc3 11.exf6 cxb2 12.fxg7 Bxg7 13.Bxb2 Qa5+ 14.Nd2 c5 15.O-O cxd4
16.Nb3 Qg5 17.Bf3 Bxf3 18.Qxf3 O-O 19.Bxd4 Bxd4 20.Nxd4 Qf6 21.Qg3+ Kh8 22.Rad1 Nb6
23.Nc6 Rg8 24.Qe5 Qxe5 25.Nxe5 Kg7 26.f4 Rgd8 27.g3 Rxd1 28.Rxd1 Rc8 29.Rd2 Kf6
30.Kf2 Rc3 31.Rd8 Rc2+ 32.Ke1 Kf5 33.Rd2 Rc1+ 34.Kf2 Nc4 35.Re2 Kf6 36.Nf3 a5
37.g4 a4 38.Ne1 Nb6 39.Rd2 Nd5 40.Nd3 Rc3 41.h4 Ra3 42.Nc5 Nxf4 43.Rd4 Rxa2+
44.Kf3 Ng6 45.h5 Ne5+ 46.Kf4 Rf2+ 47.Kg3 Rf3+ 48.Kg2 Ra3 49.Ne4+ Kg7 50.g5 h6
51.g6 fxg6 52.Nc5 Kf6 53.Rf4+ Ke7 54.hxg6 Nxg6 55.Re4 e5 56.Rxa4 Rxa4 57.Nxa4 Kf6
58.Nc3 Kf5 59.Kf3 h5 60.Nd1 e4+ 61.Kf2 Nf4 62.Ne3+ Kg5 63.Nf1 Nd5 64.Kg3 h4+
65.Kf2 Kf4 66.Nh2 Ne3 67.Ke2 h3  0-1